000
00293nam a2200121Ia 4500
005
20251222155154.0
008
251222s9999||||xx |||||||||||||| ||spa||
082
_a
MAN.19
100
_a
Minsa - Lima.
245
0
_a
Programa Control Fiebre Reumática - Normas
264
_b
Minsa
942
_c
LIB
999
_c
39695
_d
39695